| 000 | 01827nam a2200457 i 4500 | ||
|---|---|---|---|
| 001 | ELB44837 | ||
| 003 | FlNmELB | ||
| 006 | m o d | | ||
| 007 | cr cnu|||||||| | ||
| 008 | 180607s2015 sp a ob 000 0 spa d | ||
| 020 | _z9788416272945 | ||
| 020 | _a9788416935284 (e-book) | ||
| 035 | _a(MiAaPQ)EBC5213971 | ||
| 035 | _a(Au-PeEL)EBL5213971 | ||
| 035 | _a(CaPaEBR)ebr11493596 | ||
| 035 | _a(OCoLC)1105902769 | ||
| 040 |
_aFINmELB _bspa _erda _cFINmELB |
||
| 050 | 4 |
_aHV238 _bL128 2015 |
|
| 080 | _a316.323.65(4) | ||
| 082 | 0 |
_a361.65094 _223 |
|
| 100 | 1 | _aLacalzada de Mateo, María José. | |
| 245 | 1 | 0 |
_aFundamentos del estado de bienestar : _bla reforma social (1843-1919) : textos claves y sugerencias de lectura / _cMaría José Lacalzada de Mateo. |
| 264 | 1 |
_aZaragoza : _bPrensas de la Universidad de Zaragoza, _c2015. |
|
| 300 |
_a1 recurso en línea (223 páginas) : _bilustraciones |
||
| 336 |
_atexto _btxt _2rdacontent/spa |
||
| 337 |
_acomputadora _bc _2rdamedia/spa |
||
| 338 |
_arecurso en línea _bcr _2rdacarrier/spa |
||
| 490 | 1 |
_aColección de textos docentes ; _v249 |
|
| 504 | _aContiene referencias bibliográficas. | ||
| 588 | _aDescripción basada en recurso en línea; Título de la página del título en PDF (e-libro, visto June 7, 2018). | ||
| 590 | _aRecurso electrónico. Santa Fe, Arg.: e-libro, 2018. Disponible vía World Wide Web. El acceso puede estar limitado para las bibliotecas afiliadas a e-libro. | ||
| 650 | 0 |
_aPublic welfare _zEurope _xHistory. |
|
| 650 | 0 |
_aWelfare state _zEurope _xHistory. |
|
| 650 | 4 | _aBienestar social. | |
| 650 | 4 | _aHistoria. | |
| 651 | 4 | _aEuropa. | |
| 655 | 4 | _aLibros electrónicos. | |
| 797 | 2 | _ae-libro, Corp. | |
| 830 | 0 |
_aColección de textos docentes ; _v249. |
|
| 856 | 4 | 0 | _uhttps://elibro.net/ereader/usam/44837 |
| 999 |
_c143988 _d143988 |
||